[Event "Piacenza Region-ch"]
[Site "Piacenza"]
[Date "2024.01.27"]
[Round "3"]
[White "Manno, Filippo"]
[Black "Bergonzi, Andrea"]
[Result "0-1"]
[WhiteElo "999"]
[BlackElo "1319"]
[PlyCount "136"]
[EventDate "2024.01.26"]
[EventType "swiss"]
[EventRounds "5"]
[EventCountry "ITA"]
[SourceTitle "CB06_2024"]
[SourceDate "2024.02.07"]
[SourceVersion "1"]
[SourceVersionDate "2024.02.07"]
[SourceQuality "1"]

1. e4 Nf6 2. d3 e5 3. Nf3 Nc6 4. a3 d5 5. Be2 dxe4 6. dxe4 Qxd1+ 7. Bxd1 Nxe4 8. 0-0 Bc5 9. Be3 Bxe3 10. fxe3 0-0 11. Be2 a6 12. Bd3 Nc5 13. Bc4 Be6 14. Be2 Rad8 15. b4 Ne4 16. Bd3 Nf6 17. Nc3 Rfe8 18. Ne4 Nd5 19. Rae1 f5 20. Nfg5 fxe4 21. Bxe4 h6 22. Nxe6 Rxe6 23. c4 Nf6 24. Bf5 Red6 25. h3 Rd2 26. b5 axb5 27. cxb5 Ne7 28. Rf2 Rxf2 29. Be6+ Kh7 30. Kxf2 Ne4+ 31. Kf3 Ng5+ 32. Kg3 Nxe6 33. a4 Rd3 34. a5 Ra3 35. Kh2 Rxa5 36. Rb1 Ra3 37. e4 Nd4 38. b6 c6 39. Rf1 Rb3 40. Rf7 Ng6 41. Rxb7 Nf4 42. g3 Rb2+ 43. Kg1 Nxh3+ 44. Kf1 Ng5 45. Re7 Rxb6 46. Rxe5 Rb3 47. g4 Re3 48. Kf2 Rxe4 49. Rxe4 Nxe4+ 50. Ke3 Nf6 51. Kxd4 Kg6 52. Kc5 Nxg4 53. Kxc6 Kf5 54. Kd5 h5 55. Kd4 Kf4 56. Kd3 Kf3 57. Kd2 Kf2 58. Kd3 h4 59. Ke4 Ne3 60. Kf4 h3 61. Kg5 h2 62. Kg6 h1Q 63. Kxg7 Qf3 64. Kh6 Qg4 65. Kh7 Kf3 66. Kh6 Kf4 67. Kh7 Kf5 68. Kh8 Kf6 0-1

[Event "Piacenza Region-ch"]
[Site "Piacenza"]
[Date "2023.01.15"]
[Round "4"]
[White "Bergonzi, Andrea"]
[Black "Pernigotti, Jacopo"]
[Result "0-1"]
[WhiteElo "1378"]
[BlackElo "1405"]
[PlyCount "82"]
[EventDate "2023.01.13"]
[EventType "swiss"]
[EventRounds "5"]
[EventCountry "ITA"]
[SourceTitle "CBM 212 Extra"]
[Source "ChessBase"]
[SourceDate "2023.03.31"]
[SourceVersion "1"]
[SourceVersionDate "2023.03.31"]
[SourceQuality "1"]

1. e4 e6 2. d4 d5 3. Nd2 Nf6 4. e5 Nfd7 5. Ndf3 c5 6. c3 Nc6 7. Bd3 Qb6 8. Ne2 Be7 9. 0-0 0-0 10. Bc2 cxd4 11. cxd4 Qc7 12. Qd3 f5 13. exf6 Nxf6 14. a3 Bd6 15. Bg5 Ne4 16. Bc1 Bd7 17. g3 Be8 18. Ng5 Nxg5 19. Bxg5 Bg6 20. Qd2 Bxc2 21. Qxc2 Rac8 22. Qd3 h6 23. Be3 Rf3 24. Rac1 Qf7 25. Qd2 Rf8 26. Bf4 Bxf4 27. Nxf4 g5 28. Qe2 Nxd4 29. Qd1 gxf4 30. Qxd4 fxg3 31. hxg3 Qg6 32. Qxa7 h5 33. Qd4 R3f4 34. Qe3 h4 35. Kh2 Rf3 36. Qe5 hxg3+ 37. fxg3 Rxf1 38. Rxf1 Rxf1 39. Qb8+ Kh7 40. Qxb7+ Qf7 41. Qb6 Qf2+ 0-1

[Event "Piacenza Ruscitti Memorial"]
[Site "Piacenza"]
[Date "2022.10.23"]
[Round "4"]
[White "Pambieri, Victor"]
[Black "Bergonzi, Andrea"]
[Result "1-0"]
[WhiteElo "999"]
[BlackElo "1376"]
[PlyCount "71"]
[EventDate "2022.10.22"]
[EventType "swiss"]
[EventRounds "5"]
[EventCountry "ITA"]
[SourceTitle "EXT 2024"]
[Source "ChessBase"]
[SourceDate "2023.10.10"]
[SourceVersion "1"]
[SourceVersionDate "2023.10.10"]
[SourceQuality "1"]

1. e4 Nf6 2. e5 Nd5 3. d4 d6 4. exd6 exd6 5. Bc4 Nb6 6. Bb3 Nc6 7. Nf3 Bg4 8. 0-0 Be7 9. Bf4 0-0 10. c3 Re8 11. h3 Bh5 12. Nbd2 Nd7 13. Re1 Nf6 14. Bg5 Qd7 15. Nf1 h6 16. Bh4 d5 17. Bc2 Ne4 18. Bxe7 Rxe7 19. Qd3 Rae8 20. Ng3 Bxf3 21. gxf3 Nf6 22. Rxe7 Rxe7 23. Nh5 Re6 24. Nxf6+ gxf6 25. Qh7+ Kf8 26. Qxh6+ Ke7 27. Bf5 Nd8 28. Bxe6 Nxe6 29. Re1 b6 30. h4 Kd6 31. Qxf6 Qe8 32. Kf1 Qb5+ 33. Re2 c5 34. Qxf7 Nd8 35. Qe7+ Kc6 36. Qe8+ 1-0